000
00299nam a22001337a 4500
008
210301b ||||| |||| 00| 0 eng d
020
_a
078790810
041
_a
eng
080
_2
2nd
_a
070
100
_a
39
101
_a
MED
245
_a
Designing and Conducting Survey
_c
Rea,M.L
942
_2
udc
_c
BK
999
_c
55353
_d
55353